Introduction to econometrics : principles and applications

Bibliographic Details
Main Author: Kelejian, Harry H.
Other Authors: Oates, Wallace E.
Format: Book
Published: New York : Harper & Row, Pub , 1981
Edition:2nd ed
Subjects:

MARC

LEADER 00000cam a2200000 7i4500
001 0000005523
005 20050425.0
020 |a 0060436182 
040 |a INS 
090 0 0 |a HB139.   |b K44 1981 
100 1 |a Kelejian, Harry H. 
245 1 0 |a Introduction to econometrics :   |b principles and applications   |c Harry H. Kelejian 
250 |a 2nd ed 
260 |a New York :   |b Harper & Row, Pub ,   |c 1981 
300 |a xv, 347 p ;   |c 23 cm. 
650 0 0 |a Econometrics 
700 1 |a Oates, Wallace E. 
999 |a 0000000159   |b BOOK   |c Open Shelf   |e Default branch